00304nam a2200121 a 4500008004100000020001500041050002000056100001900076245003500095260002900130300001400159350000900173120416s0000 ||||||||||||||||| || u a1850916713 aHG 4028.C45 Bru aBrunt, Peter D10aHow to cut your business costs aLondonbKogan Pagec1988 a111 pages a0.00